000 00459nam a22001937a 4500
003 MPLRDC
005 20220104143812.0
008 210129b ||||| |||| 00| 0 eng d
020 _a957-470-011-9
082 _a418.91 LCX
100 _a李传修
245 _a如何吃水果增强免疫力
_c
250 _a初版
260 _a
_b快活堂
_c2000
300 _b
490 _a健康笔记. 7
650 _a食物治疗
942 _cBK
_o418.91 LCX
999 _c43471
_d43461